<?xml version='1.0' encoding='UTF-8'?>
  <record xmlns="http://www.loc.gov/MARC21/slim">
    <leader>00000cem a22000007i 4500</leader>
    <controlfield tag="001">on1390182987</controlfield>
    <controlfield tag="003">OCoLC</controlfield>
    <controlfield tag="005">20231213210205.5</controlfield>
    <controlfield tag="007">aj cauun</controlfield>
    <controlfield tag="008">230713s168u    ne        a     1   lat d</controlfield>
    <datafield tag="040" ind1=" " ind2=" ">
      <subfield code="a">QGJ</subfield>
      <subfield code="b">eng</subfield>
      <subfield code="e">rda</subfield>
      <subfield code="e">dcrmc</subfield>
      <subfield code="c">QGJ</subfield>
      <subfield code="d">QGJ</subfield>
      <subfield code="d">OCLCO</subfield>
      <subfield code="d">OCLCL</subfield>
    </datafield>
    <datafield tag="034" ind1="1" ind2=" ">
      <subfield code="a">a</subfield>
      <subfield code="b">840000</subfield>
    </datafield>
    <datafield tag="035" ind1=" " ind2=" ">
      <subfield code="a">(OCoLC)1390182987</subfield>
    </datafield>
    <datafield tag="100" ind1="1" ind2=" ">
      <subfield code="a">Visscher, Nicolaes,</subfield>
      <subfield code="d">1649-1702,</subfield>
      <subfield code="e">cartographer,</subfield>
      <subfield code="e">publisher.</subfield>
      <subfield code="4">ctg</subfield>
      <subfield code="4">pbl</subfield>
      <subfield code="1">https://id.oclc.org/worldcat/entity/E39PBJw8RpB4YdcXYgt9p3frMP</subfield>
    </datafield>
    <datafield tag="245" ind1="1" ind2="0">
      <subfield code="a">Belgii Pars Meridionalis cum Occidentalibus Germaniæ et Septentrionalibus Franciæ Confiniis /</subfield>
      <subfield code="c">peraccurate in hanc Tabulam redacta per Nicolaum Visscher.</subfield>
    </datafield>
    <datafield tag="246" ind1="3" ind2=" ">
      <subfield code="a">Belgii Pars Meridionalis cum Occidentalibus Germaniae et Septentrionalibus Franciae Confiniis</subfield>
    </datafield>
    <datafield tag="255" ind1=" " ind2=" ">
      <subfield code="a">Scale approximately 1:840,000.</subfield>
    </datafield>
    <datafield tag="264" ind1=" " ind2="1">
      <subfield code="a">Amst[elodamum] Bat[avorum] :</subfield>
      <subfield code="b">Nicolaus Visscher,</subfield>
      <subfield code="c">[approximately 1680]</subfield>
    </datafield>
    <datafield tag="300" ind1=" " ind2=" ">
      <subfield code="a">1 map :</subfield>
      <subfield code="b">copper engraving, hand colored ;</subfield>
      <subfield code="c">47 x 54 cm</subfield>
    </datafield>
    <datafield tag="336" ind1=" " ind2=" ">
      <subfield code="a">cartographic image</subfield>
      <subfield code="b">cri</subfield>
      <subfield code="2">rdacontent</subfield>
    </datafield>
    <datafield tag="337" ind1=" " ind2=" ">
      <subfield code="a">unmediated</subfield>
      <subfield code="b">n</subfield>
      <subfield code="2">rdamedia</subfield>
    </datafield>
    <datafield tag="338" ind1=" " ind2=" ">
      <subfield code="a">sheet</subfield>
      <subfield code="b">nb</subfield>
      <subfield code="2">rdacarrier</subfield>
    </datafield>
    <datafield tag="500" ind1=" " ind2=" ">
      <subfield code="a">With privilege.</subfield>
    </datafield>
    <datafield tag="500" ind1=" " ind2=" ">
      <subfield code="a">With bar scales of 6 Mill. Germanica Communia [= 5,3 cm]; and: Millaria Gallica sive Horæ Itineris.</subfield>
    </datafield>
    <datafield tag="500" ind1=" " ind2=" ">
      <subfield code="a">Place name index on verso: Table Alphabetique ... Les Pays Bas, Et Pays circonvoisins ... ; and: Usage de la Table Alphabetique .. = Naam-Wyser ... Zuydelykste gedeelte van Nederland, En der selver aangrensende Westelykste gedeeltens van Duytschland en Noordelykste van Vrankryk ...; and: Verklaringe van dese Naam-Wyser ...</subfield>
    </datafield>
    <datafield tag="500" ind1=" " ind2=" ">
      <subfield code="a">Decorative title cartouche.</subfield>
    </datafield>
    <datafield tag="500" ind1=" " ind2=" ">
      <subfield code="a">Shows towns, rivers, and cities.</subfield>
    </datafield>
    <datafield tag="510" ind1="4" ind2=" ">
      <subfield code="a">Koeman, Atlantes Neerlandici, dl. 3,</subfield>
      <subfield code="c">p. 179 [110]</subfield>
    </datafield>
    <datafield tag="546" ind1=" " ind2=" ">
      <subfield code="a">Ttile in Latin, place name index in French and Dutch.</subfield>
    </datafield>
    <datafield tag="651" ind1=" " ind2="0">
      <subfield code="a">Belgium</subfield>
      <subfield code="v">Maps</subfield>
      <subfield code="v">Early works to 1800.</subfield>
    </datafield>
    <datafield tag="651" ind1=" " ind2="0">
      <subfield code="a">Luxembourg</subfield>
      <subfield code="v">Maps</subfield>
      <subfield code="v">Early works to 1800.</subfield>
    </datafield>
    <datafield tag="651" ind1=" " ind2="7">
      <subfield code="a">Belgium</subfield>
      <subfield code="2">fast</subfield>
      <subfield code="1">https://id.oclc.org/worldcat/entity/E39QbtfRBTwKRX6RVxHCgVWBGB</subfield>
    </datafield>
    <datafield tag="651" ind1=" " ind2="7">
      <subfield code="a">Luxembourg</subfield>
      <subfield code="2">fast</subfield>
      <subfield code="1">https://id.oclc.org/worldcat/entity/E39PBJtGVVYwtCGHvdyMmYdvpP</subfield>
    </datafield>
    <datafield tag="655" ind1=" " ind2="7">
      <subfield code="a">Early maps</subfield>
      <subfield code="2">fast</subfield>
    </datafield>
    <datafield tag="655" ind1=" " ind2="7">
      <subfield code="a">Early maps.</subfield>
      <subfield code="2">lcgft</subfield>
    </datafield>
    <datafield tag="655" ind1=" " ind2="7">
      <subfield code="a">Cartes anciennes.</subfield>
      <subfield code="2">rvmgf</subfield>
    </datafield>
    <datafield tag="752" ind1=" " ind2=" ">
      <subfield code="a">Neterlands</subfield>
      <subfield code="d">Amsterdam.</subfield>
      <subfield code="4">pup</subfield>
    </datafield>
  </record>